Bureaucrats in business (Record no. 11100)

000 -LEADER
fixed length control field 00259nam a22001217a 4500
040 ## - CATALOGING SOURCE
Transcribing agency 338
082 ## - DEWEY DECIMAL CLASSIFICATION NUMBER
Classification number 338
100 ## - MAIN ENTRY--AUTHOR NAME
Personal name WORLD BANK
245 ## - TITLE STATEMENT
Title Bureaucrats in business
260 ## - PUBLICATION, DISTRIBUTION, ETC. (IMPRINT)
Place of publication Phnom Penh
Name of publisher WOR
Year of publication 1995
300 ## - PHYSICAL DESCRIPTION
Number of Pages 346p.
Other physical details ill.
Dimensions 29cm.
942 ## - ADDED ENTRY ELEMENTS (KOHA)
Koha item type សៀវភៅភាសាអង់គ្លេស

No items available.

មជ្ឈមណ្ឌលឯការនៃសាកលវិទ្យាល័យភូមិន្ទកសិកម្មចំការដូង

Powered by Koha